Detalles MARC
| 000 -LEADER |
| fixed length control field |
03124cam a2200361 i 4500 |
| 001 - CONTROL NUMBER |
| control field |
25888 |
| 003 - CONTROL NUMBER IDENTIFIER |
| control field |
Mx-PuUPA |
| 005 - DATE AND TIME OF LATEST TRANSACTION |
| control field |
20251030105718.0 |
| 008 - FIXED-LENGTH DATA ELEMENTS--GENERAL INFORMATION |
| fixed length control field |
140415s2012 mx a gr 000 0 spa d |
| 020 ## - INTERNATIONAL STANDARD BOOK NUMBER |
| International Standard Book Number |
9781463336936 |
| Qualifying information |
serie |
| 040 ## - CATALOGING SOURCE |
| Original cataloging agency |
Mx-PuUPA |
| Language of cataloging |
spa |
| Transcribing agency |
Mx-PuUPA |
| Modifying agency |
Mx-PuUPA |
| Description conventions |
rda |
| 041 0# - LANGUAGE CODE |
| Language code of text/sound track or separate title |
spa |
| 043 ## - GEOGRAPHIC AREA CODE |
| Geographic area code |
n-mx--- |
| 100 1# - MAIN ENTRY--PERSONAL NAME |
| Personal name |
García Cabrera, José Luis, |
| Dates associated with a name |
1951- |
| 9 (RLIN) |
17632 |
| Relator term |
autor |
| 245 13 - TITLE STATEMENT |
| Title |
Los tufos del narco / |
| Statement of responsibility, etc. |
José Luis García Cabrera |
| 250 ## - EDITION STATEMENT |
| Edition statement |
1a. edición / |
| Remainder of edition statement |
junio |
| 264 #1 - PRODUCTION, PUBLICATION, DISTRIBUTION, MANUFACTURE, AND COPYRIGHT NOTICE |
| Place of production, publication, distribution, manufacture |
México, D. F. : |
| Name of producer, publisher, distributor, manufacturer |
Populibros Libertad : División Editorial, |
| Date of production, publication, distribution, manufacture, or copyright notice |
2012 |
| 300 ## - PHYSICAL DESCRIPTION |
| Extent |
7 volúmenes : |
| Other physical details |
ilustraciones ; |
| Dimensions |
21 cm |
| 336 ## - CONTENT TYPE |
| Fuente |
rdacontent |
| Content type term |
texto |
| Content type code |
txt |
| 336 ## - CONTENT TYPE |
| Fuente |
rdacontent |
| Content type term |
imagen fija |
| Content type code |
sti |
| 337 ## - MEDIA TYPE |
| Source |
rdamedia |
| Media type term |
sin medio |
| Media type code |
n |
| 338 ## - CARRIER TYPE |
| Source |
rdacarrier |
| Carrier type term |
volumen |
| Carrier type code |
nc |
| 500 ## - GENERAL NOTE |
| General note |
"Fascículos basados en el Libro 1920-2000 ¡El pastel!. -- Cubierta |
| 500 ## - GENERAL NOTE |
| General note |
Serie incompleta, sólo tenemos: volúmenes, 1, 4, 5. 6, 7, 8, 9. |
| 505 ## - FORMATTED CONTENTS NOTE |
| Miscellaneous information |
v.1 |
| Title |
Sucesos que permitieron la evolución del narco tráfico : narcos viejos : inicio de los fundadores de los cárteles de Guadalajara, Sinaloa, Golfo, Juárez y Tijuana, cuna de los capos de hoy -- |
| Miscellaneous information |
v.4 |
| Title |
Narcos viejos le llamaban El Señor de los Cielos : cómo nacen los cárteles de Guadalajara, Medellín y Cali: primera pillerías de García Ábreg. El Cacho, Medrano García, El Amable y Matta Ballesteros -- |
| Miscellaneous information |
v.5 |
| Title |
Ernesto Fonseca Carrillo Don Neto Ocaso de un capo : También datos poco conocidos de los primeros narcos de Colombia y los Rodríguez Orejuela, Pablo Escobar, Los Ochoa, El Mexicano, Lehder Rivas, Matta Ballesteros, entre otros -- |
| Miscellaneous information |
v.6 |
| Title |
Las reinas de la coca : además: Las relaciones ocultas de Camarena con Caro Quintero; Don Juan cede el trono a García Ábrego; El Cacho, sólo un matón; Huy Óscar López, El Profe -- |
| Miscellaneous information |
v.7 |
| Title |
Miguel Ángel Félix Gallardo El Padrino : además: Masacre en la Clínica raya ; Trece hombres importantes ; Por qué caó Miguel Aldana y cómo los sistitutyó Ventura al frente de la Interpol ; Caro Quintero, El Chivo expiatorio ; La "Traición" de Camarena ; La confederación continental de narcos, y otros desconocidos sucesos -- |
| Miscellaneous information |
v.8 |
| Title |
El capo más viejo que jamás ha pisado la prisión El Mayo Zambada : además: El amable ; El asesinato de Buendía ; La DFS, El Chocorrol y otras oportunas muertes; Los delegados de Zorrilla ; Guillermo González Calderoni ; Oliverio Chávez Araujo Y García Ábrego -- |
| Miscellaneous information |
v.9 |
| Title |
Juan José Esparragoza Moreno, El Azul ¿El último capo? : una leyenda del narcotráfico mexicano, que fue discreto hasta para "MOrir", además, en este fascículo: El Greñas, El Pablote Aguilar Guajardo, Jesús Roberto Guerra Velasco, El Profesor, Tomás Morlett, García Ábrego y El Amable. |
| 650 #7 - SUBJECT ADDED ENTRY--TOPICAL TERM |
| Source of heading or term |
armarc |
| Topical term or geographic name entry element |
Tráfico de drogas |
| Geographic subdivision |
México |
| 650 #7 - SUBJECT ADDED ENTRY--TOPICAL TERM |
| Source of heading or term |
armarc |
| Topical term or geographic name entry element |
Narcotráfico |
| Geographic subdivision |
México |
| General subdivision |
Historia |
| 942 ## - ADDED ENTRY ELEMENTS (KOHA) |
| Source of classification or shelving scheme |
Dewey Decimal Classification |
| Koha item type |
Libro |
| Classification part |
364.133650972 |
| Item part |
G25 |